000 00301nam a2200097Ia 4500
008 171211s9999 xx 000 0 und d
245 _aKali Arnis Eskrima Self-défense: avec armes et à mains nues
260 _c2004
650 _xMartial Arts
856 _uhttp://down.ebook777.com/056/9782907736367.pdf
999 _c348211
_d348211